000 00454nam a2200181Ia 4500
001 9425
003 IN-NITTTR
005 20251114233047.0
008 251113s9999||||xx |||||||||||||| ||eng||
040 _beng
040 _cIN-NITTTR
041 _aeng
082 _a770. 283 J179D
100 _aJacobson, C. I.
245 0 _aDeveloping :
_b the negative technique /
_cJacobson, C. I., Jacobson, R. E.
700 _a Jacobson, R. E.
942 _2ddc
_cBK
999 _c12062
_d12062